000 00850nam a2200229 a 4500
008 120416s1991 ||||||||||||||||| || u
020 _a0750600675
050 _aHF 5657.4 War
100 _aSrikanthan, Sri
245 1 0 _aManagement accounting for financial decisions
246 _aK. Ward [and others]
260 _aOxford:
_bButterworth-Heinmann
_c1991
300 _aix, 321 p.: ill.
350 _a0.00
490 _aB H contemporary business series
500 _aIncludes bibliographical references (p. [315]-316) and index.
650 0 _aMANAGERIAL ACCOUNTING
650 _aINDUSTRIAL MANAGEMENT--DECISION MAKING
700 _aWard, Keith, 1949-
700 _aNeal, Richard
995 _D0.00
_FCBU-MAIN LIBRARY (Kitwe)
_H1
_I30.00
_UAVAILABLE
_ZMain Library Open Access Collection
999 _c49858
_d49858